[Event "32. Copenhagen Open (Politiken Cup)"]
[Site "Elsinore"]
[Date "2010.08.01"]
[Round "2"]
[White "Jensen, Hans Askov"]
[Black "Marshall, Michael"]
[Result "1/2-1/2"]
[WhiteElo "1600"]
[BlackElo "1901"]
[PlyCount "108"]
[EventDate "2010.07.31"]
[EventType "swiss"]
[EventRounds "10"]
[EventCountry "DEN"]
[Source "ChessBase"]
[SourceDate "2010.09.01"]

1. e4 c5 2. Nc3 g6 3. f4 Bg7 4. Nf3 Nc6 5. Bb5 Nd4 6. Nxd4 cxd4 7. Ne2 Qb6 8.
a4 Nf6 9. d3 O-O 10. O-O d6 11. Ng3 Bg4 12. Qe1 Rac8 13. Bc4 e5 14. f5 a6 15.
b4 Qc7 16. Bg5 Ne8 17. h3 gxf5 18. hxg4 f4 19. Nf5 Kh8 20. Qh4 f6 21. Bh6 Qd7
22. Rf3 Bxh6 23. Nxh6 Qg7 24. Rh3 Rc7 25. Nf5 Qg5 26. Qxg5 fxg5 27. Kf2 Nf6 28.
Kf3 Rd8 29. Rh6 d5 30. Rxf6 dxc4 31. Nd6 Kg7 32. Re6 cxd3 33. cxd3 Kg8 34. Nc4
b5 35. Nxe5 bxa4 36. Rxa4 Rc1 37. Raxa6 Rb1 38. Rab6 Rc8 39. Rbc6 Ra8 40. Ra6
Rb8 41. Rab6 Rc8 42. Nc6 Re1 43. Rb8 Rxb8 44. Nxb8 Re3+ 45. Kf2 Rxd3 46. Nd7
Rd2+ 47. Kf1 Rb2 48. Rb6 d3 49. Rd6 Rb1+ 50. Kf2 Rb2+ 51. Ke1 Rxb4 52. Rxd3
Rxe4+ 53. Kd2 Ra4 54. Ke2 Ra2+ 1/2-1/2

[Event "32. Copenhagen Open (Politiken Cup)"]
[Site "Elsinore"]
[Date "2010.08.01"]
[Round "2"]
[White "Jensen, Ib"]
[Black "Akdag, Dara Sevkan"]
[Result "0-1"]
[WhiteElo "1970"]
[BlackElo "2164"]
[PlyCount "94"]
[EventDate "2010.07.31"]
[EventType "swiss"]
[EventRounds "10"]
[EventCountry "DEN"]
[Source "ChessBase"]
[SourceDate "2010.09.01"]

1. d4 Nf6 2. Bf4 g6 3. Nc3 Bg7 4. e4 d6 5. Be2 a6 6. e5 Nfd7 7. Nf3 Nc6 8. exd6
cxd6 9. O-O O-O 10. Re1 Nb6 11. h3 Bf5 12. a4 Nb4 13. Rc1 Rc8 14. g4 Bd7 15. a5
Na4 16. Nxa4 Bxa4 17. Bd3 Nxd3 18. Qxd3 Re8 19. b3 Bd7 20. b4 b5 21. c3 Qc7 22.
Qe3 Qb7 23. d5 Qxd5 24. Red1 Qc4 25. Bh6 Qe6 26. Qd2 Qf6 27. Nd4 Bxh6 28. Qxh6
e5 29. Nf5 Bxf5 30. gxf5 Rc4 31. fxg6 fxg6 32. Qd2 Rf8 33. Qd5+ Kg7 34. Rd2
Qg5+ 35. Kf1 Rcf4 36. Rcc2 Qh4 37. Qg2 Rf3 38. Rxd6 Rxh3 39. Rd7+ Kh6 40. Rcd2
Rh1+ 41. Ke2 Rh2 42. Qb7 Rfxf2+ 43. Kd1 Qg4+ 44. Kc2 Qf5+ 45. Kb3 Qe6+ 46. Ka3
Rxd2 47. Rxh7+ Kg5 0-1

[Event "32. Copenhagen Open (Politiken Cup)"]
[Site "Elsinore"]
[Date "2010.08.01"]
[Round "2"]
[White "Jensen, Michael Agermose"]
[Black "Maechel, Michael"]
[Result "1-0"]
[WhiteElo "2084"]
[BlackElo "1748"]
[PlyCount "69"]
[EventDate "2010.07.31"]
[EventType "swiss"]
[EventRounds "10"]
[EventCountry "DEN"]
[Source "ChessBase"]
[SourceDate "2010.09.01"]

1. e4 e5 2. f4 exf4 3. Nf3 Be7 4. Bc4 Bh4+ 5. Kf1 d6 6. d4 Bg4 7. Bxf4 Nf6 8.
h3 Bxf3 9. Qxf3 Nc6 10. c3 Qe7 11. Nd2 O-O-O 12. g3 g5 13. Be3 Rhg8 14. gxh4
gxh4 15. Ke2 Rg3 16. Qf5+ Kb8 17. Bg5 Rxg5 18. Qxg5 Rg8 19. Qf5 d5 20. Bxd5
Nxd5 21. Qxd5 Rg5 22. Qc4 Rg2+ 23. Kd1 Qg5 24. Qd3 Rg3 25. Qe2 Rg2 26. Qe1 Qh5+
27. Kc2 Qb5 28. Rg1 Nxd4+ 29. cxd4 Qc4+ 30. Kd1 Qa4+ 31. b3 Qxd4 32. Rxg2 Qxa1+
33. Ke2 Qh8 34. Qa1 Qe8 35. Qe5 1-0

[Event "32. Copenhagen Open (Politiken Cup)"]
[Site "Elsinore"]
[Date "2010.08.01"]
[Round "2"]
[White "Jensen, Morten Frank"]
[Black "Stojanovski, Sandi"]
[Result "1/2-1/2"]
[WhiteElo "2005"]
[BlackElo "2208"]
[PlyCount "66"]
[EventDate "2010.07.31"]
[EventType "swiss"]
[EventRounds "10"]
[EventCountry "DEN"]
[Source "ChessBase"]
[SourceDate "2010.09.01"]

1. e4 c5 2. Na3 e6 3. f4 d5 4. e5 Ne7 5. Nf3 Nf5 6. c3 Nc6 7. g3 Be7 8. Bg2 Qb6
9. d3 h5 10. Bh3 Bd7 11. O-O O-O-O 12. Nc2 f6 13. exf6 Bxf6 14. Re1 Rde8 15.
Ne5 Nxe5 16. fxe5 Bd8 17. d4 g5 18. Ne3 cxd4 19. Nxf5 exf5 20. cxd4 h4 21. g4
fxg4 22. Bxg4 Bxg4 23. Qxg4+ Kb8 24. Re3 Rhf8 25. Rb3 Qe6 26. Qxe6 Rxe6 27. Be3
Rc6 28. Rc1 Bb6 29. Rbc3 Kc7 30. Kg2 Kd7 31. Rxc6 bxc6 32. h3 Bd8 33. Rc3 Be7
1/2-1/2

[Event "32. Copenhagen Open (Politiken Cup)"]
[Site "Elsinore"]
[Date "2010.08.01"]
[Round "2"]
[White "Johansen, Johnny Holler"]
[Black "Jensen, Jonbert"]
[Result "1-0"]
[WhiteElo "1918"]
[BlackElo "1664"]
[PlyCount "45"]
[EventDate "2010.07.31"]
[EventType "swiss"]
[EventRounds "10"]
[EventCountry "DEN"]
[Source "ChessBase"]
[SourceDate "2010.09.01"]

1. e4 e5 2. Nf3 d6 3. Bc4 Nf6 4. Nc3 Be7 5. d4 exd4 6. Nxd4 O-O 7. O-O b6 8. f3
Bb7 9. Nf5 h6 10. Qe1 Bc8 11. Nxh6+ gxh6 12. Bxh6 Kh8 13. Bxf8 Qxf8 14. Rd1 Ba6
15. Bxa6 Nxa6 16. Nd5 c6 17. Qh4+ Kg7 18. Qg5+ Kh8 19. Nxf6 Nc5 20. Rd4 Ne6 21.
Qh5+ Kg7 22. e5 Nxd4 23. Qh7# 1-0

[Event "32. Copenhagen Open (Politiken Cup)"]
[Site "Elsinore"]
[Date "2010.08.01"]
[Round "2"]
[White "Jorgensen, Carina Eilegaard"]
[Black "Andersen, Jackie"]
[Result "0-1"]
[WhiteElo "2038"]
[BlackElo "2276"]
[PlyCount "66"]
[EventDate "2010.07.31"]
[EventType "swiss"]
[EventRounds "10"]
[EventCountry "DEN"]
[Source "ChessBase"]
[SourceDate "2010.09.01"]

1. d4 g6 2. c4 Bg7 3. Nc3 d6 4. g3 Nd7 5. Bg2 c6 6. Nf3 Ngf6 7. O-O O-O 8. Qc2
e5 9. dxe5 dxe5 10. Bg5 h6 11. Bxf6 Qxf6 12. Ne4 Qe7 13. c5 f5 14. Nd6 e4 15.
Qc4+ Kh7 16. Nd4 Rf6 17. b4 Ne5 18. Qb3 Nf7 19. Nxc8 Rxc8 20. a4 f4 21. Rad1
Re8 22. Qc2 e3 23. f3 Qe5 24. gxf4 Rxf4 25. Qb3 Ng5 26. Nc2 Rh4 27. f4 Rxf4 28.
Rxf4 Qxf4 29. Rf1 Qg4 30. Re1 Re7 31. Kh1 Qh4 32. Rf1 Be5 33. h3 Qg3 0-1

[Event "32. Copenhagen Open (Politiken Cup)"]
[Site "Elsinore"]
[Date "2010.08.01"]
[Round "2"]
[White "Kaaber Hansen, Jacob"]
[Black "Lundberg, Roland"]
[Result "1/2-1/2"]
[WhiteElo "2232"]
[BlackElo "2006"]
[PlyCount "88"]
[EventDate "2010.07.31"]
[EventType "swiss"]
[EventRounds "10"]
[EventCountry "DEN"]
[Source "ChessBase"]
[SourceDate "2010.09.01"]

1. e4 c5 2. Nf3 Nc6 3. d4 cxd4 4. Nxd4 Nf6 5. Nc3 d6 6. Bg5 Bd7 7. Bxf6 gxf6 8.
Qd2 Qa5 9. O-O-O Bg7 10. Nb3 Qg5 11. f4 Qg6 12. Kb1 f5 13. e5 Be6 14. exd6 exd6
15. Bd3 Qf6 16. g4 fxg4 17. f5 Bd7 18. Rhe1+ Kf8 19. Be4 Re8 20. Qf4 h5 21. Qg3
Rh6 22. Qf2 b6 23. Qg2 Ne7 24. Nd4 Qh4 25. Qd2 Rf6 26. Rf1 d5 27. Bxd5 Nxd5 28.
Nxd5 Rd6 29. Qb4 Qxh2 30. Nc3 Kg8 31. Rh1 Qe5 32. Nce2 Rh6 33. Rdf1 Qe7 34. Qd2
Qd6 35. c3 Bb5 36. Re1 Bxe2 37. Rxe2 Rxe2 38. Qxe2 Bxd4 39. cxd4 Qd5 40. Rxh5
Rxh5 41. Qxg4+ Kf8 42. Qxh5 Qxd4 43. a3 Ke7 44. Qg5+ Qf6 1/2-1/2

[Event "32. Copenhagen Open (Politiken Cup)"]
[Site "Elsinore"]
[Date "2010.08.01"]
[Round "2"]
[White "Knudsen, Jes West"]
[Black "Petersen, Peter Birk"]
[Result "1/2-1/2"]
[WhiteElo "1985"]
[BlackElo "2178"]
[PlyCount "40"]
[EventDate "2010.07.31"]
[EventType "swiss"]
[EventRounds "10"]
[EventCountry "DEN"]
[Source "ChessBase"]
[SourceDate "2010.09.01"]

1. f4 c5 2. Nc3 d5 3. d3 Nc6 4. Nf3 Nf6 5. g3 g6 6. Bg2 Bg7 7. O-O O-O 8. e4
Bg4 9. e5 Ne8 10. h3 Bxf3 11. Qxf3 Nc7 12. Qf2 b6 13. Bd2 Nd4 14. Ne2 Nxe2+ 15.
Qxe2 Qd7 16. Rae1 Rad8 17. g4 f5 18. c3 e6 19. Bc1 Rf7 20. Rf3 Bf8 1/2-1/2

[Event "32. Copenhagen Open (Politiken Cup)"]
[Site "Elsinore"]
[Date "2010.08.01"]
[Round "2"]
[White "Krasenkow, Michal"]
[Black "Krasenkova, Ilena"]
[Result "1-0"]
[WhiteElo "2628"]
[BlackElo "2128"]
[PlyCount "53"]
[EventDate "2010.07.31"]
[EventType "swiss"]
[EventRounds "10"]
[EventCountry "DEN"]
[Source "ChessBase"]
[SourceDate "2010.09.01"]

1. Nf3 Nf6 2. d4 g6 3. c4 Bg7 4. Nc3 d5 5. Qb3 dxc4 6. Qxc4 O-O 7. e4 Bg4 8.
Be3 c6 9. Be2 b5 10. Qd3 Na6 11. O-O Nb4 12. Qd2 a5 13. Rac1 h5 14. h3 Bxf3 15.
Bxf3 e5 16. Rfd1 Nd7 17. a3 Na6 18. d5 b4 19. dxc6 bxc3 20. Qxc3 Nab8 21. cxd7
Kh7 22. Qc8 Na6 23. Qxd8 Rfxd8 24. Bb6 Bh6 25. Bxd8 Bxc1 26. Bf6 Bxb2 27. d8=Q
1-0

[Event "32. Copenhagen Open (Politiken Cup)"]
[Site "Elsinore"]
[Date "2010.08.01"]
[Round "2"]
[White "Macieja, Bartlomiej"]
[Black "Porte, Henrik"]
[Result "1-0"]
[WhiteElo "2639"]
[BlackElo "2130"]
[PlyCount "39"]
[EventDate "2010.07.31"]
[EventType "swiss"]
[EventRounds "10"]
[EventCountry "DEN"]
[Source "ChessBase"]
[SourceDate "2010.09.01"]

1. Nf3 d5 2. d4 c6 3. c4 Nf6 4. Nc3 a6 5. a4 e6 6. g3 Nbd7 7. Bg2 Be7 8. O-O
O-O 9. a5 dxc4 10. Qc2 Bb4 11. Qa4 Qe7 12. Bf4 Bd6 13. Bxd6 Qxd6 14. Qxc4 e5
15. Rfd1 exd4 16. Qxd4 Qxd4 17. Nxd4 Nc5 18. b4 Ne6 19. Nf5 Ne8 20. Na4 1-0

[Event "32. Copenhagen Open (Politiken Cup)"]
[Site "Elsinore"]
[Date "2010.08.01"]
[Round "2"]
[White "Madsen, Dennis"]
[Black "Frisvold, Ole Emil"]
[Result "0-1"]
[WhiteElo "1557"]
[BlackElo "1871"]
[PlyCount "74"]
[EventDate "2010.07.31"]
[EventType "swiss"]
[EventRounds "10"]
[EventCountry "DEN"]
[Source "ChessBase"]
[SourceDate "2010.09.01"]

1. d4 d5 2. e4 dxe4 3. Nc3 Nf6 4. f3 exf3 5. Qxf3 c6 6. Be3 Bg4 7. Qf2 e6 8.
Be2 Bb4 9. Bd2 Bxe2 10. Ngxe2 Nbd7 11. O-O-O Nb6 12. Bg5 Be7 13. Bxf6 Bxf6 14.
Ne4 Bg5+ 15. Kb1 Nc4 16. Rhf1 O-O 17. Rd3 Bh6 18. h4 f5 19. Ng5 Bxg5 20. hxg5
Qxg5 21. Nf4 Qf6 22. Nh5 Qf7 23. Rh1 g6 24. Nf4 Nd6 25. Rdh3 Ne4 26. Qe2 Nf6
27. Re3 Nd5 28. Nxd5 exd5 29. Re7 Rae8 30. Re1 Rxe7 31. Qxe7 Qxe7 32. Rxe7 Rf7
33. Re8+ Kg7 34. a4 Kf6 35. Re3 Re7 36. Rf3 Kg5 37. c3 Kg4 0-1

[Event "32. Copenhagen Open (Politiken Cup)"]
[Site "Elsinore"]
[Date "2010.08.01"]
[Round "2"]
[White "Meier, Lars"]
[Black "Christiansen, Jens Jorgen"]
[Result "1/2-1/2"]
[WhiteElo "1934"]
[BlackElo "2156"]
[PlyCount "101"]
[EventDate "2010.07.31"]
[EventType "swiss"]
[EventRounds "10"]
[EventCountry "DEN"]
[Source "ChessBase"]
[SourceDate "2010.09.01"]

1. d4 d5 2. c4 c6 3. Nc3 Nf6 4. Nf3 dxc4 5. e3 b5 6. a4 b4 7. Na2 a5 8. Bxc4 e6
9. O-O Nbd7 10. Re1 Ba6 11. Bxa6 Rxa6 12. e4 Be7 13. h3 O-O 14. Bf4 Qa8 15. Qe2
c5 16. Nc1 cxd4 17. Nxd4 Nc5 18. Nb5 Rc6 19. f3 Rd8 20. Be3 Qb8 21. Nd4 Rcc8
22. Ncb3 Nxb3 23. Nxb3 Qe5 24. Red1 Bd6 25. g4 Qg3+ 26. Qg2 Nxe4 27. Qxg3 Nxg3
28. Rd2 h5 29. Rad1 Bc7 30. Kf2 h4 31. Bg5 Bb6+ 32. Kg2 f6 33. Bf4 Ne2 34.
Rxd8+ Rxd8 35. Rxd8+ Bxd8 36. Be3 e5 37. Kf2 Ng3 38. Nc5 Kf7 39. Nd7 Ke7 40.
Nb6 Kd6 41. b3 Kc6 42. Nc4 Bc7 43. Ke1 g6 44. Kf2 e4 45. Bd4 Bd8 46. Bb2 Kd5
47. Ne3+ Kc5 48. Nc4 Kd5 49. Ne3+ Ke6 50. Nc4 Kd5 51. Ne3+ 1/2-1/2

[Event "32. Copenhagen Open (Politiken Cup)"]
[Site "Elsinore"]
[Date "2010.08.01"]
[Round "2"]
[White "Mercant Simon, Jaume"]
[Black "Cmilyte, Viktorija"]
[Result "0-1"]
[WhiteElo "2100"]
[BlackElo "2527"]
[PlyCount "108"]
[EventDate "2010.07.31"]
[EventType "swiss"]
[EventRounds "10"]
[EventCountry "DEN"]
[Source "ChessBase"]
[SourceDate "2010.09.01"]

1. e4 e5 2. Nf3 Nc6 3. Bc4 Bc5 4. O-O Nf6 5. d4 Bxd4 6. Nxd4 Nxd4 7. f4 d6 8.
fxe5 dxe5 9. Bg5 Be6 10. Na3 Qe7 11. c3 Bxc4 12. Nxc4 Ne6 13. Bxf6 Qc5+ 14. Kh1
gxf6 15. Na3 Rg8 16. g3 Rg6 17. Qd3 Qc6 18. Qb5 Qxb5 19. Nxb5 Rd8 20. Rf2 a6
21. Na3 Nc5 22. Re2 Rg4 23. Rae1 h5 24. b4 Na4 25. Nb1 h4 26. Kg2 Ke7 27. Re3
Nb2 28. Kh3 Rg7 29. Rf3 Nd3 30. Ree3 hxg3 31. hxg3 Nf4+ 32. Kh2 Rh7+ 33. Kg1
Rd1+ 34. Rf1 Rh1+ 35. Kxh1 Rxf1+ 36. Kh2 Rf2+ 37. Kh1 Ne6 38. Na3 Rxa2 39. Nc4
b5 40. Na5 c5 41. Rd3 c4 42. Nc6+ Kf8 43. Rf3 Ng5 44. Re3 Rd2 45. Kg1 Ke8 46.
Na5 Kd7 47. Nb7 Kc6 48. Na5+ Kc7 49. Kf1 Rd3 50. Rxd3 cxd3 51. c4 Nxe4 52. c5
Nxg3+ 53. Ke1 e4 54. Nb3 f5 0-1

[Event "32. Copenhagen Open (Politiken Cup)"]
[Site "Elsinore"]
[Date "2010.08.01"]
[Round "2"]
[White "Molvig, Henrik"]
[Black "Spiess, Thomas"]
[Result "1-0"]
[WhiteElo "2179"]
[BlackElo "1979"]
[PlyCount "75"]
[EventDate "2010.07.31"]
[EventType "swiss"]
[EventRounds "10"]
[EventCountry "DEN"]
[Source "ChessBase"]
[SourceDate "2010.09.01"]

1. d4 d5 2. c4 e6 3. Nc3 c6 4. Nf3 Nf6 5. Bg5 h6 6. Bh4 dxc4 7. e4 b5 8. e5 g5
9. Nxg5 hxg5 10. Bxg5 Nbd7 11. exf6 Bb7 12. g3 c5 13. d5 Qb6 14. Bg2 O-O-O 15.
O-O b4 16. Rb1 Qa6 17. dxe6 Bxg2 18. e7 Bxf1 19. Qd5 Bxe7 20. fxe7 Bd3 21. Ne4
Bxb1 22. Nd6+ Kc7 23. Nxc4 Bxa2 24. Bf4+ Kc8 25. Qa8+ Nb8 26. Qxb8+ Kd7 27.
Qc7+ Ke6 28. exd8=Q Rxd8 29. Qxd8 Bxc4 30. Qe8+ Kf6 31. Qe5+ Kg6 32. Qg5+ Kh7
33. Qf5+ Kg8 34. Qg5+ Kh7 35. Be5 Qh6 36. Qf5+ Kg8 37. Qg4+ Kh7 38. Qxc4 1-0

[Event "32. Copenhagen Open (Politiken Cup)"]
[Site "Elsinore"]
[Date "2010.08.01"]
[Round "2"]
[White "Nielsen, Aage Sondergaard"]
[Black "Amarapala, Sherington"]
[Result "1/2-1/2"]
[WhiteElo "1944"]
[BlackElo "1694"]
[PlyCount "76"]
[EventDate "2010.07.31"]
[EventType "swiss"]
[EventRounds "10"]
[EventCountry "DEN"]
[Source "ChessBase"]
[SourceDate "2010.09.01"]

1. e4 e5 2. Bc4 Nc6 3. c3 Nf6 4. d3 h6 5. Nf3 d5 6. exd5 Nxd5 7. O-O Be6 8. Re1
Bd6 9. Nbd2 O-O 10. Ne4 Qd7 11. Bb5 a6 12. Ba4 Rfe8 13. Ng3 b5 14. Bb3 Rad8 15.
d4 exd4 16. Nxd4 Nxd4 17. Qxd4 c5 18. Qd1 Nf6 19. Bxe6 Rxe6 20. Be3 Qc7 21. Qf3
h5 22. Bg5 Rde8 23. Rxe6 Rxe6 24. Bxf6 Rxf6 25. Qxh5 c4 26. Qd5 Qe7 27. Rf1
Bxg3 28. hxg3 Qe2 29. b3 Qxa2 30. bxc4 Qxc4 31. Qxc4 bxc4 32. Ra1 Kf8 33. Ra4
Rc6 34. Kf1 Ke7 35. Ke2 Kd6 36. Ke3 Kc5 37. g4 Rd6 38. Ke2 Kb5 1/2-1/2

[Event "32. Copenhagen Open (Politiken Cup)"]
[Site "Elsinore"]
[Date "2010.08.01"]
[Round "2"]
[White "Nielsen, Borge Hjerrild"]
[Black "Sorensen, Torben N"]
[Result "0-1"]
[WhiteElo "2067"]
[BlackElo "2419"]
[PlyCount "92"]
[EventDate "2010.07.31"]
[EventType "swiss"]
[EventRounds "10"]
[EventCountry "DEN"]
[Source "ChessBase"]
[SourceDate "2010.09.01"]

1. d4 f5 2. Nf3 Nf6 3. g3 g6 4. Bg2 Bg7 5. O-O O-O 6. c4 d6 7. d5 Qe8 8. Nc3
Na6 9. Nd4 Bd7 10. Rb1 c6 11. e3 Rb8 12. b3 Nc7 13. Bb2 c5 14. Nde2 a6 15. a3
b5 16. cxb5 Nxb5 17. Qc2 Qf7 18. Bc1 Nc7 19. Rd1 a5 20. Bd2 Kh8 21. Be1 h6 22.
Nc1 g5 23. Qd2 Qh5 24. f3 Qg6 25. Qc2 Qf7 26. Qd2 Rb7 27. Bf1 Rfb8 28. a4 Rf8
29. Bc4 Qh5 30. Qe2 Rbb8 31. f4 Qg6 32. Nd3 Ne4 33. Nxe4 fxe4 34. Nf2 gxf4 35.
exf4 Rxf4 36. Bd2 Rxf2 37. Qxf2 Rf8 38. Qe1 Bg4 39. Rdc1 Bh3 40. Be3 Rf3 41.
Rd1 Be5 42. Rd2 h5 43. Kh1 Bc3 44. Qe2 Bg4 45. Qe1 h4 46. Bf1 Nxd5 0-1

[Event "32. Copenhagen Open (Politiken Cup)"]
[Site "Elsinore"]
[Date "2010.08.01"]
[Round "2"]
[White "Nielsen, Henning"]
[Black "Larsen, Bror Johannes"]
[Result "1-0"]
[WhiteElo "2164"]
[BlackElo "1750"]
[PlyCount "73"]
[EventDate "2010.07.31"]
[EventType "swiss"]
[EventRounds "10"]
[EventCountry "DEN"]
[Source "ChessBase"]
[SourceDate "2010.09.01"]

1. d4 Nf6 2. c4 g6 3. Nc3 Bg7 4. e4 d6 5. Nf3 O-O 6. Be2 Bd7 7. O-O Re8 8. Bg5
e5 9. Qd2 Qc8 10. dxe5 dxe5 11. Bh6 Nc6 12. Rad1 Bg4 13. Bxg7 Kxg7 14. Qe3 Bxf3
15. Bxf3 Nd4 16. Rd2 c6 17. Rfd1 Qe6 18. b3 Rad8 19. Ne2 Nxf3+ 20. Qxf3 Rxd2
21. Rxd2 Re7 22. h3 Rd7 23. Rxd7 Qxd7 24. Qe3 b6 25. g4 Qd1+ 26. Kg2 c5 27. Nc3
Qd4 28. g5 Ne8 29. Qf3 f5 30. exf5 gxf5 31. Ne2 Qd7 32. Ng3 f4 33. Ne4 Qd4 34.
h4 Nd6 35. Nf6 Nf5 36. Qb7+ Kf8 37. Qc8+ 1-0

[Event "32. Copenhagen Open (Politiken Cup)"]
[Site "Elsinore"]
[Date "2010.08.01"]
[Round "2"]
[White "Nielsen, Jens Holm"]
[Black "Nielsen, Lars Aaes"]
[Result "0-1"]
[WhiteElo "1901"]
[BlackElo "2279"]
[PlyCount "80"]
[EventDate "2010.07.31"]
[EventType "swiss"]
[EventRounds "10"]
[EventCountry "DEN"]
[Source "ChessBase"]
[SourceDate "2010.09.01"]

1. Nc3 d5 2. e4 e6 3. g3 d4 4. Nce2 c5 5. d3 Nc6 6. Bg2 Be7 7. Nf3 e5 8. O-O
Be6 9. c3 b5 10. a4 a6 11. axb5 axb5 12. Rxa8 Qxa8 13. Ng5 Bxg5 14. Bxg5 f6 15.
Bd2 Nge7 16. cxd4 cxd4 17. f4 O-O 18. fxe5 fxe5 19. Rxf8+ Kxf8 20. Bg5 h6 21.
Bxe7+ Kxe7 22. Qc1 Kd6 23. h3 Nb4 24. Qd2 Qa4 25. Kh2 Kc5 26. Nc1 Qc2 27. Qxc2+
Nxc2 28. g4 Kb4 29. Bf3 Na1 30. Bd1 Bb3 31. Bxb3 Nxb3 32. Na2+ Ka5 33. Kg3 Nc5
34. b4+ Kb6 35. bxc5+ Kxc5 36. Kf3 b4 37. Ke2 b3 38. Nc1 Kb4 39. Nxb3 Kxb3 40.
Kd2 g5 0-1

[Event "32. Copenhagen Open (Politiken Cup)"]
[Site "Elsinore"]
[Date "2010.08.01"]
[Round "2"]
[White "Nielsen, John Bauneborg"]
[Black "Eljanov, Pavel"]
[Result "0-1"]
[WhiteElo "2139"]
[BlackElo "2755"]
[PlyCount "80"]
[EventDate "2010.07.31"]
[EventType "swiss"]
[EventRounds "10"]
[EventCountry "DEN"]
[Source "ChessBase"]
[SourceDate "2010.09.01"]

1. d4 Nf6 2. c4 e6 3. Nc3 Bb4 4. a3 Bxc3+ 5. bxc3 c5 6. e3 Qa5 7. Qc2 Nc6 8.
Nf3 d6 9. Bd3 e5 10. O-O O-O 11. Rb1 Rb8 12. Nd2 Qc7 13. Ne4 Nxe4 14. Bxe4 f5
15. Bd5+ Kh8 16. f4 e4 17. Bxc6 Qxc6 18. Rd1 Qa6 19. dxc5 dxc5 20. Rb5 b6 21.
Rd6 Qb7 22. Qd1 Qe7 23. Rb2 Be6 24. Rbd2 Qe8 25. h3 Bxc4 26. Rd7 a5 27. R2d6 b5
28. Bd2 Rf7 29. Rxf7 Qxf7 30. Be1 Bd3 31. Bh4 c4 32. Rd8+ Rxd8 33. Bxd8 b4 34.
axb4 axb4 35. cxb4 c3 36. Bb6 h6 37. Bd4 c2 38. Qc1 Qc4 39. Kh2 Kh7 40. b5 Bf1
0-1

[Event "32. Copenhagen Open (Politiken Cup)"]
[Site "Elsinore"]
[Date "2010.08.01"]
[Round "2"]
[White "Nielsen, Kai Gylling"]
[Black "Jacobsen, Caroline Beer"]
[Result "0-1"]
[WhiteElo "1891"]
[BlackElo "1590"]
[PlyCount "104"]
[EventDate "2010.07.31"]
[EventType "swiss"]
[EventRounds "10"]
[EventCountry "DEN"]
[Source "ChessBase"]
[SourceDate "2010.09.01"]

1. d4 Nf6 2. Nf3 e6 3. c4 b6 4. Nc3 Bb7 5. Bg5 h6 6. Bh4 Be7 7. Bxf6 Bxf6 8. e4
O-O 9. Bd3 d6 10. O-O Nd7 11. a4 c5 12. Nb5 Qe7 13. Re1 a6 14. Nxd6 Qxd6 15. e5
Bxe5 16. dxe5 Qc7 17. Be4 Rad8 18. Qb3 Bxe4 19. Rxe4 Nb8 20. Qe3 Nc6 21. Rg4
Kh7 22. Rh4 Rd7 23. Ng5+ Kg8 24. Qe4 Rfd8 25. Nf3 Rd1+ 26. Rxd1 Rxd1+ 27. Ne1
Qxe5 28. Qxe5 Nxe5 29. Re4 Nd3 30. Kf1 Nxb2 31. a5 bxa5 32. Ke2 Rd4 33. f3 Rxc4
34. Re5 Rc3 35. Re4 a4 36. Kd2 Rb3 37. Kc2 Rb5 38. Re3 Nc4 39. Rc3 Nb6 40. Nd3
c4 41. Nb2 Rb3 42. Nxa4 Nxa4 43. Rxc4 Rb2+ 44. Kc1 Ra2 45. Kb1 Ra3 46. Rc6 Nc3+
47. Kb2 Nb5 48. Rb6 Re3 49. Rxa6 Re2+ 50. Kb3 Rxg2 51. Kc4 Nc7 52. Rc6 Rc2+ 0-1

[Event "32. Copenhagen Open (Politiken Cup)"]
[Site "Elsinore"]
[Date "2010.08.01"]
[Round "2"]
[White "Olofsson Dolk, Mattis"]
[Black "Mollmann, Erik"]
[Result "1/2-1/2"]
[WhiteElo "1949"]
[BlackElo "1698"]
[PlyCount "85"]
[EventDate "2010.07.31"]
[EventType "swiss"]
[EventRounds "10"]
[EventCountry "DEN"]
[Source "ChessBase"]
[SourceDate "2010.09.01"]

1. e4 Nc6 2. d4 d5 3. e5 f6 4. f4 Nh6 5. Nf3 Bf5 6. c3 e6 7. Be2 Be7 8. O-O O-O
9. b4 a6 10. Nbd2 Ng4 11. Nb3 Be4 12. Ne1 Nh6 13. Nd3 f5 14. Ndc5 Qc8 15. a4 b6
16. Nxa6 Nb8 17. Nxb8 Qxb8 18. Bd2 Qe8 19. a5 Qg6 20. Bf3 Rfc8 21. Qe2 Qe8 22.
axb6 cxb6 23. Ra6 Rxa6 24. Qxa6 Qc6 25. b5 Bd3 26. Na5 Qe8 27. Qxb6 Bd8 28. Qa6
Bxa5 29. Qxa5 Bxf1 30. Kxf1 Ra8 31. Qb4 Ng4 32. Bxg4 fxg4 33. c4 g3 34. hxg3
Qh5 35. Qc3 Qd1+ 36. Kf2 Ra2 37. Ke3 Qg1+ 38. Kf3 Qd1+ 39. Ke3 Ra1 40. cxd5
Qg1+ 41. Kf3 Qd1+ 42. Ke3 Qg1+ 43. Kf3 1/2-1/2

[Event "32. Copenhagen Open (Politiken Cup)"]
[Site "Elsinore"]
[Date "2010.08.01"]
[Round "2"]
[White "Oxener, Aldo"]
[Black "Nielsen, Palle"]
[Result "0-1"]
[WhiteElo "1494"]
[BlackElo "1851"]
[PlyCount "80"]
[EventDate "2010.07.31"]
[EventType "swiss"]
[EventRounds "10"]
[EventCountry "DEN"]
[Source "ChessBase"]
[SourceDate "2010.09.01"]

1. Nf3 b6 2. g3 Bb7 3. Bg2 e5 4. d3 Nc6 5. O-O f5 6. Nxe5 Bd6 7. Nc4 Be7 8. Bf4
h6 9. e4 g5 10. Qh5+ Kf8 11. Be5 Bf6 12. exf5 d5 13. Bd6+ cxd6 14. Bxd5 Rh7 15.
Nbd2 Nge7 16. Be6 Nd4 17. Ne4 Bxe4 18. dxe4 Nxe6 19. fxe6 Rc8 20. e5 dxe5 21.
Rad1 Qe8 22. Qf3 Kg7 23. Nd6 Qc6 24. Qh5 Rf8 25. Rd2 Kg8 26. Rfd1 a5 27. b3 e4
28. Nc4 Qxe6 29. Rd8 Rxd8 30. Rxd8+ Kg7 31. Rd6 Qf5 32. Rxb6 Bd4 33. Ne3 Qf3
34. Qxf3 exf3 35. Rb7 Kg6 36. Nc4 Bc3 37. Rb5 Nf5 38. Rxa5 Bxa5 39. Nxa5 Rd7
40. h4 g4 0-1

[Event "32. Copenhagen Open (Politiken Cup)"]
[Site "Elsinore"]
[Date "2010.08.01"]
[Round "2"]
[White "Pawlak, Wojciech Zbignew"]
[Black "Solli, Oddvar"]
[Result "0-1"]
[WhiteElo "1627"]
[BlackElo "1914"]
[PlyCount "106"]
[EventDate "2010.07.31"]
[EventType "swiss"]
[EventRounds "10"]
[EventCountry "DEN"]
[Source "ChessBase"]
[SourceDate "2010.09.01"]

1. e4 c6 2. d4 d5 3. exd5 cxd5 4. c4 Nf6 5. Qb3 Nc6 6. Be3 Na5 7. Qc2 Nxc4 8.
Bxc4 dxc4 9. Qxc4 g6 10. Qb5+ Qd7 11. Qxd7+ Bxd7 12. Nc3 Bc6 13. f3 Bg7 14.
Nge2 O-O 15. Kf2 Rfd8 16. Rhd1 Nd5 17. Nxd5 Bxd5 18. b3 Rac8 19. Rac1 b6 20.
Rxc8 Rxc8 21. Rc1 Rxc1 22. Bxc1 Kf8 23. Ke3 e6 24. Ba3+ Ke8 25. Bd6 Kd7 26. Be5
f6 27. Bg3 Bb7 28. h4 Ba6 29. Bf2 Bh6+ 30. f4 Bxe2 31. Kxe2 Bxf4 32. Kd3 Kc6
33. a4 Kd5 34. g4 h5 35. gxh5 gxh5 36. b4 a6 37. Be1 b5 38. axb5 axb5 39. Bf2
f5 40. Be1 Bd6 41. Bd2 Bg3 42. Bg5 Bf2 43. Bf6 f4 44. Bg5 Bxd4 45. Bxf4 e5 46.
Bd2 e4+ 47. Ke2 Kc4 48. Be1 Bc3 49. Bf2 Bxb4 50. Be3 Bc3 51. Bc1 b4 52. Ke3 Kd5
53. Kf4 b3 0-1